Genetic influence for intraclonal variations and associations of juvenile yield and girth in thirteen Hevea clones grown in Kanyakumari region of South India (Record no. 48990)

MARC details
000 -LEADER
fixed length control field 00720nam a2200241Ia 4500
100 ## - MAIN ENTRY--AUTHOR NAME
Personal name Premakumari D.
245 #0 - TITLE STATEMENT
Title Genetic influence for intraclonal variations and associations of juvenile yield and girth in thirteen Hevea clones grown in Kanyakumari region of South India
260 ## - PUBLICATION, DISTRIBUTION, ETC. (IMPRINT)
Name of publisher Indian Journal of Natural Rubber Research
Year of publication 2002
300 ## - PHYSICAL DESCRIPTION
Number of Pages 28-32
650 ## - SUBJECT ADDED ENTRY--TOPICAL TERM
Topical Term Grafting
650 ## - SUBJECT ADDED ENTRY--TOPICAL TERM
Topical Term Juvenile yield
650 ## - SUBJECT ADDED ENTRY--TOPICAL TERM
Topical Term Kanyakumari
650 ## - SUBJECT ADDED ENTRY--TOPICAL TERM
Topical Term Monoculture
650 ## - SUBJECT ADDED ENTRY--TOPICAL TERM
Topical Term Productivity
650 ## - SUBJECT ADDED ENTRY--TOPICAL TERM
Topical Term Stock scion
650 ## - SUBJECT ADDED ENTRY--TOPICAL TERM
Topical Term Variability
700 ## - ADDED ENTRY--PERSONAL NAME
Personal name John A.
700 ## - ADDED ENTRY--PERSONAL NAME
Personal name Nair R.B.
700 ## - ADDED ENTRY--PERSONAL NAME
Personal name Nazeer M.A.
700 ## - ADDED ENTRY--PERSONAL NAME
Personal name Soman T.A.
942 ## - ADDED ENTRY ELEMENTS (KOHA)
Koha item type Bibliography STAF
Holdings
Withdrawn status Lost status Damaged status Not for loan Home library Current library Shelving location Date acquired Serial Enumeration / chronology Koha item type
      Bibliography RRII Library RRII Library Botany 09/04/2014 Volume 15, Issue 1 Bibliography STAF